Is Ukraine Ready for the OECD Membership?

Analýza výkonnosti ekonomiky Ukrajiny a krajín (34) OECD. Makroekonomické opatrenia s cieľom kovergenencie ekonomík.

Gespeichert in:
Bibliographische Detailangaben
1. Verfasser: Grešš, Martin, 1978-
Format: Buchkapitel
Sprache:Englisch
Schlagworte:
Tags: Tag hinzufügen
Keine Tags, Fügen Sie das erste Tag hinzu!

MARC

LEADER 00000naa a2200000 4500
001 0198545
005 20241213104255.3
041 0 |a eng 
044 |a UA 
245 1 0 |a Is Ukraine Ready for the OECD Membership?  |c Martin Grešš 
520 |a Analýza výkonnosti ekonomiky Ukrajiny a krajín (34) OECD. Makroekonomické opatrenia s cieľom kovergenencie ekonomík. 
610 2 0 |a výkonnosť 
610 2 0 |a účty bežné 
610 2 0 |a bilancia platobná 
610 2 0 |a rast hospodársky 
610 2 0 |a produkt domáci hrubý 
610 2 0 |a inflácia 
610 2 0 |a OECD 
610 2 0 |a Ukrajina 
610 2 0 |a nezamestnanosť 
610 2 0 |a konvergencia 
610 2 0 |a makroekonomika 
100 1 |a Grešš, Martin, 1978-